000 00985nam a2200289Ia 4500
003 OSt
005 20260213160309.0
008 210210b2014 xxu||||| |||| 00| 0 eng d
020 _a9789381876367
040 _cAL
041 _aKannada
082 _aK894.4 NAGL
100 _aNAGABHUSHANA (D S)
_dನಾಗಭೂಷಣ (ಡಿ ಎಸ್)
_9254819
245 _aLohiya joteyalli: Marks Gandhi Lohiya Ambedkar kurita barahagalu
_b ಲೋಹಿಯಾ ಜೊತೆಯಲ್ಲಿ: ಮಾರ್ಕ್ಸ್ ಗಾಂಧಿ ಲೋಹಿಯಾ ಅಂಬೇಡ್ಕರ್ ಕುರಿತು ಬರಹಗಳು
260 _aShivamogga
_bGitanjali Prakashana
_c2014
300 _a244
650 _aMarks
_9254820
650 _aLohiya
_9254821
650 _akurita
_9254822
650 _ajoteyalli:
_9254823
650 _aGandhi
_9254824
650 _abarahagalu
_9254825
650 _aAmbedkar
_9254826
690 _aKannada Prose
_9254827
906 _a073715
942 _2ddc
_cBK
999 _c123488
_d123488